[Event "Olympiad Women 2024"]
[Site "Budapest HUN"]
[Date "2024.09.13"]
[Round "3.19"]
[Board "4"]
[White "Eric, Jovana"]
[Black "Vujnovic, Patricija"]
[Result "1/2-1/2"]
[WhiteElo "2162"]
[BlackElo "2134"]
[PlyCount "113"]
[EventDate "2024.09.11"]
[WhiteTeam "Serbia"]
[BlackTeam "Croatia"]
[WhiteTeamCountry "SRB"]
[BlackTeamCountry "CRO"]

1. e4 Nf6 2. e5 Nd5 3. c4 Nb6 4. d4 d6 5. f4 Bf5 6. Nc3 dxe5 7. fxe5 e6 8. Nf3 Bb4 9. Be3 c5 10. Be2 Nc6 11. O-O cxd4 12. Nxd4 Bxc3 ({RR} 12... O-O 13. Nxf5 exf5 14. Rxf5 Bxc3 15. bxc3 Qxd1+ 16. Rxd1 Na4 17. Rd7 Nxc3 18. Bf1 g6 19. Rf4 b6 20. c5 Nxe5 21. Rd2 bxc5 22. Bxc5 Rfe8 23. Bd4 Nd5 24. Re4 Nc6 25. Rxe8+ Rxe8 26. Bb2 Rd8 27. Bb5 {1-0 Nepomniachtchi,I (2792)-Bortnyk,O (2604) Chess.com Rapid Wk25 KO 2022 (2.1)}) ({RR} 12... Nxd4 13. Bxd4 O-O 14. a3 Be7 15. a4 Nd7 16. Nb5 Qb8 17. Bc3 Nxe5 18. Qd4 Bf6 19. Qf2 Bg6 20. Rad1 a6 21. Nd6 Rd8 22. c5 b6 23. b4 bxc5 24. bxc5 Qb3 25. Ba5 Rdc8 26. Nxc8 Rxc8 27. Bxa6 {1-0 Bashirov,K (2353)-Herman,D (1968) Titled Tue 7th May Early 2024 (2)}) 13. bxc3 Nxe5 $146 ({RR} 13... O-O 14. Nxc6 bxc6 15. Bc5 Re8 16. Qe1 Nd7 17. Rd1 Qa5 18. Bd6 Nxe5 19. Qg3 Nd7 20. Kh1 Nf8 21. h4 Bg6 22. Be5 h5 23. Bxh5 Rad8 24. Rxd8 Qxd8 25. Rd1 Qa5 26. Bf3 f6 27. Bxf6 gxf6 28. h5 {0-1 Dankert,P-Lehmann,K GER U20-ch Berlin West 1972 (2)}) ({RR} 13... Be4 14. Rf4 Bg6 15. Nxc6 bxc6 16. Bc5 Qxd1+ 17. Rxd1 Na4 18. Bd6 Nxc3 19. Bf3 Rc8 20. Rd2 Bf5 21. Rfd4 f6 22. exf6 gxf6 23. Bh5+ Bg6 24. Bxg6+ hxg6 25. Bc7 Ne2+ 26. Rxe2 Rxc7 27. Rxe6+ Re7 28. Rxc6 {1-0 Kanya,Z-Ponyi,A Salgotarjan 1978}) 14. c5 Nbd7 15. Nxf5 exf5 16. Rxf5 O-O 17. Qd5 Qc7 18. Bf4 Qc6 19. Qxc6 bxc6 20. Bxe5 g6 21. Bd6 gxf5 22. Bxf8 Kxf8 23. Rf1 Nxc5 24. Rxf5 Ne4 25. Bh5 Nxc3 26. Rxf7+ Kg8 27. Rc7 a5 28. Bf7+ Kf8 29. Rxc6 Kxf7 30. Rxc3 Rb8 31. Rc2 Rb5 32. Kf2 Ke6 33. Rd2 h5 34. h3 h4 35. Kf3 Kf5 36. Rd4 Kg5 37. g3 hxg3 38. Kxg3 Rc5 39. Rd3 a4 40. Rf3 Rc4 41. a3 Re4 42. Rc3 Rd4 43. Kf3 Kf5 44. Ke3 Rh4 45. Kd2 Ke5 46. Rg3 Kd5 47. Ke2 Ke5 48. Rf3 Ke4 49. Rg3 Ke5 50. Kf2 Kf5 51. Rf3+ Rf4 52. Ke3 Rxf3+ 53. Kxf3 Kg5 54. Ke4 Kh4 55. Kd4 Kxh3 56. Kc4 Kg4 57. Kb4 1/2-1/2

[Event "Olympiad Women 2024"]
[Site "Budapest HUN"]
[Date "2024.09.13"]
[Round "3.20"]
[Board "1"]
[White "Pham, Le Thao Nguyen"]
[Black "Gong, Qianyun"]
[Result "1-0"]
[WhiteElo "2380"]
[BlackElo "2250"]
[PlyCount "159"]
[EventDate "2024.09.11"]
[WhiteTeam "Vietnam"]
[BlackTeam "Singapore"]
[WhiteTeamCountry "VIE"]
[BlackTeamCountry "SIN"]

1. d4 d5 2. Nf3 Nf6 3. c4 c6 4. Qc2 dxc4 5. Qxc4 Bf5 6. g3 e6 7. Bg2 Be7 8. O-O O-O 9. Nc3 Nbd7 10. e3 b5 11. Qe2 b4 12. Nb1 ({RR} 12. Na4 Qa5 13. b3 Qb5 14. Re1 Rac8 15. Bb2 Be4 16. Rac1 Nd5 17. Ne5 Qxe2 18. Rxe2 Bxg2 19. Kxg2 Nxe5 20. dxe5 c5 21. Rec2 Rc6 22. Kf3 Rfc8 23. Ba1 Kf8 24. Nb2 Nb6 25. Ke4 a5 26. f4 Ke8 {½-½ Andreikin,D (2729)-Daneshvar,B (2582) Chess.com Play-In Match Div 2 2024 (1.1)}) 12... Qc7 $146 ({RR} 12... c5 13. Nbd2 Rc8 14. e4 Bg4 15. h3 Bh5 16. g4 Bg6 17. Ne1 cxd4 18. f4 h6 19. e5 Ne8 20. f5 Bh7 21. Nd3 Bg5 22. Nb3 Bxc1 23. Raxc1 Rxc1 24. Nbxc1 Qg5 25. Rf4 Nc7 26. Qf2 exf5 27. gxf5 {1-0 Rashkovsky,N (2508)-Richter,M (2358) Polanica Zdroj op-A 2000 (5)}) ({RR} 12... Rc8 13. Rd1 {½-½ Levin,F (2523)-Prie,E (2446) Bad Woerishofen op 19th 2003 (4)}) 13. Nbd2 Rad8 14. e4 Bg6 15. b3 c5 16. Bb2 cxd4 17. Bxd4 e5 18. Rfc1 Qb8 19. Bb2 Rfe8 20. h3 Bf8 21. Nh4 Nc5 22. Nxg6 hxg6 23. Nc4 Nd3 24. Rd1 Nxb2 25. Nxb2 Bc5 26. Rxd8 Rxd8 27. Rd1 Bd4 28. Nc4 Qc7 29. Bf3 g5 30. Kg2 g6 31. Qd2 Qe7 32. Qxg5 Re8 33. h4 Kg7 34. Rh1 Nd7 35. Qd2 Rh8 36. h5 Nf6 37. Qg5 Rh6 38. hxg6 Rxg6 39. Qh4 Kf8 40. Qh3 Qc5 41. Rf1 Kg7 42. Qf5 Ng8 43. Bh5 Nh6 44. Qh3 Ra6 45. Qh4 Ng8 46. Qg4+ Kf8 47. Qe2 Rf6 48. Bg4 Nh6 49. Bh3 Rg6 50. Rh1 Qc6 51. f3 Qf6 52. Bc8 Qg5 53. g4 Kg7 54. Bd7 Rf6 55. Bf5 Qf4 56. Qe1 Ra6 57. Qe2 Rf6 58. Rd1 Nxf5 59. exf5 Rh6 60. Rh1 Rxh1 61. Kxh1 Qc1+ 62. Kh2 Qg1+ 63. Kh3 Qh1+ 64. Kg3 Qg1+ 65. Qg2 Qe1+ 66. Kh3 Qb1 67. Nd6 Be3 68. g5 Qd3 69. Ne4 Bf4 70. Kg4 Qe3 71. f6+ Kg8 72. Qh1 Bxg5 73. Nxg5 Qf4+ 74. Kh5 Qxf6 75. Qb1 Qf4 76. Qh7+ Kf8 77. Qe4 Qh2+ 78. Kg4 Qxa2 79. Qxb4+ Kg7 80. Qc4 1-0

[Event "Olympiad Women 2024"]
[Site "Budapest HUN"]
[Date "2024.09.13"]
[Round "3.20"]
[Board "2"]
[White "Pang, Kay Yan Eden"]
[Black "Vo, Thi Kim Phung"]
[Result "0-1"]
[WhiteElo "1847"]
[BlackElo "2320"]
[PlyCount "64"]
[EventDate "2024.09.11"]
[WhiteTeam "Singapore"]
[BlackTeam "Vietnam"]
[WhiteTeamCountry "SIN"]
[BlackTeamCountry "VIE"]

1. d4 Nf6 2. c4 e6 3. Nf3 d5 4. g3 Be7 5. Bg2 O-O 6. O-O c6 7. Qc2 Nbd7 8. Nbd2 b6 9. e4 dxc4 10. Nxc4 Bb7 11. Be3 ({RR} 11. Bg5 b5 12. Nce5 c5 13. Nxd7 Nxd7 14. Bxe7 Qxe7 15. dxc5 Nxc5 16. Nd4 a6 17. Rac1 Rac8 18. Qe2 Rfd8 19. Qe3 g6 20. Rfd1 e5 21. Ne2 Rxd1+ 22. Rxd1 b4 23. Nc1 a5 24. Nd3 Rd8 25. Bf3 Ne6 {½-½ Svane,R (2627)-Deac,B (2692) Titled Tue 9th Apr Early 2024 (5)}) ({RR} 11. Rd1 Rc8 12. Ne3 Re8 13. b3 Qc7 14. Bb2 Red8 15. Rac1 Qb8 16. Nd2 e5 17. Nf5 Bf8 18. Nc4 exd4 19. Rxd4 Bc5 20. e5 Bxd4 21. Bxd4 Nd5 22. Ncd6 Re8 23. Nxb7 Qxb7 24. Bxd5 cxd5 25. Ne7+ Rxe7 {1-0 Milat,M (2213)-De Menezes,R (1675) 10th Floripa Open 2024 (5.88)}) 11... c5 12. Ng5 $146 ({RR} 12. Nfe5 Rc8 13. dxc5 Nxe5 14. Nxe5 Bxc5 15. Qe2 Bxe4 16. Bxc5 Bxg2 17. Rfd1 Bd5 18. Bxf8 Qxf8 19. Rac1 h5 20. Qa6 Rxc1 21. Rxc1 Qb4 22. Qc8+ Kh7 23. Nxf7 Qxb2 24. Qc2+ Qxc2 25. Rxc2 Kg6 26. Ne5+ Kf5 {1-0 Miszler,L (2242)-Zaitsev,A (2473) Titled Tuesday intern op 26th Oct blitz 2021 (4)}) ({RR} 12. Ncd2 Rc8 13. Qd3 cxd4 14. Qxd4 Nc5 15. Qxd8 Rfxd8 16. e5 Nd5 17. Bxc5 Rxc5 18. Rac1 Rdc8 19. Nb3 Rc2 20. Rxc2 Rxc2 21. Rc1 Rxb2 22. Nfd4 g6 23. Nb5 Rxa2 24. Nd6 Ba6 25. Bxd5 exd5 26. Rc7 Bf8 {0-1 Trasakova,A (1923)-Garifullina,L (2409) Online Olym Div Top-C rapid 2021 (3.4)}) 12... h6 13. e5 Bxg2 14. exf6 Nxf6 15. Nxe6 fxe6 16. Kxg2 cxd4 17. Rad1 Qd5+ 18. Kg1 e5 19. b3 b5 20. Nb2 Rac8 21. Qb1 Qe4 22. Qxe4 Nxe4 23. Bc1 Nc3 24. Rde1 e4 25. Nd1 Nxd1 26. Rxd1 Bc5 27. Rfe1 Rce8 28. Bb2 d3 29. Rf1 Rxf2 30. Rxf2 Rf8 31. Rdf1 Rf7 32. Re1 d2 0-1

[Event "Olympiad Women 2024"]
[Site "Budapest HUN"]
[Date "2024.09.13"]
[Round "3.20"]
[Board "3"]
[White "Bach Ngoc Thuy Duong"]
[Black "Rice, Lauren"]
[Result "1-0"]
[WhiteElo "2214"]
[BlackElo "1824"]
[PlyCount "79"]
[EventDate "2024.09.11"]
[WhiteTeam "Vietnam"]
[BlackTeam "Singapore"]
[WhiteTeamCountry "VIE"]
[BlackTeamCountry "SIN"]

1. d4 d5 2. c4 e6 3. Nc3 Bb4 4. Nf3 Nf6 5. Bg5 dxc4 6. Qa4+ Nc6 7. e4 Bd7 8. Qc2 h6 9. Bd2 ({RR} 9. Bxf6 Qxf6 10. e5 Qf4 11. Rd1 b5 12. Be2 Ne7 13. O-O Qf5 14. Qc1 Nd5 15. g3 Nxc3 16. bxc3 Be7 17. d5 exd5 18. Rxd5 Qe6 19. Rdd1 c5 20. Nd2 g5 21. Bf3 Bc6 22. Bxc6+ Qxc6 23. Qb1 Rd8 {0-1 Bonin,J (2166)-Yoo,E (2168) 1000GM NY Winter IMC 2024 (2.7)}) 9... O-O $146 ({RR} 9... Bxc3 10. Bxc3 b5 11. a4 a6 12. Be2 O-O 13. g4 Nh7 14. h4 f5 15. gxf5 exf5 16. d5 fxe4 17. Rg1 Rf7 18. dxc6 exf3 19. Rd1 fxe2 20. Rxd7 Rxd7 21. cxd7 Nf6 22. Qxe2 Kf7 23. Qf3 Qe7+ 24. Kf1 {1-0 Winter,W-Hahlbohm,H Match/City Chicago-London 1926 (4)}) ({RR} 9... b5 10. Nxb5 Bxd2+ 11. Nxd2 a6 12. Na3 Nxd4 13. Qxc4 e5 14. Qc5 Be6 15. Rc1 Nd7 16. Qxc7 Bxa2 17. Qxd8+ Kxd8 18. Bc4 Bxc4 19. Naxc4 Ke7 20. Nf3 Nxf3+ 21. gxf3 Rhc8 22. O-O Rab8 23. Rfd1 g6 24. Rc3 {½-½ Malakhov,V (2699)-Alekseev,E (2651) RUS-ch Higher League 68th 2015 (7)}) ({RR} 9... Na5 10. O-O-O Qe7 11. Ne5 b5 12. Nxd7 Qxd7 13. e5 Ng8 14. d5 Ne7 15. dxe6 fxe6 16. Bxh6 Nd5 17. Nxd5 exd5 18. Qg6+ Qf7 19. Qxg7 Qxg7 20. Bxg7 Rh7 21. Bf6 c6 22. g4 Bc5 23. f3 b4 24. e6 {0-1 Pirc,V-Foltys,J Moravska Ostrava 1933}) 10. e5 Nd5 11. Bxc4 Bxc3 12. bxc3 a6 13. O-O Nce7 14. Be2 b5 15. Qe4 f5 16. exf6 Nxf6 17. Qc2 c5 18. dxc5 Qc7 19. Be3 Ng4 20. Qe4 Nxe3 21. fxe3 Qxc5 22. Bd3 g6 23. Ne5 Bc6 24. Nxc6 Qxc6 25. Qh4 Nf5 26. Bxf5 Rxf5 27. Qxh6 Qe8 28. e4 Rh5 29. Rf8+ Qxf8 30. Qxg6+ Qg7 31. Qxh5 Rc8 32. Rd1 Rf8 33. Qh3 Qe5 34. Qe3 Qc7 35. Qg5+ Kh8 36. Qh6+ Kg8 37. Qxe6+ Kh8 38. Qh3+ Kg8 39. Qe3 Qa5 40. Rd7 1-0

[Event "Olympiad Women 2024"]
[Site "Budapest HUN"]
[Date "2024.09.13"]
[Round "3.20"]
[Board "4"]
[White "Koh, Wei Le Gladys"]
[Black "Le Thanh Tu"]
[Result "0-1"]
[WhiteElo "1788"]
[BlackElo "2092"]
[PlyCount "88"]
[EventDate "2024.09.11"]
[WhiteTeam "Singapore"]
[BlackTeam "Vietnam"]
[WhiteTeamCountry "SIN"]
[BlackTeamCountry "VIE"]

1. e4 e6 2. d4 d5 3. e5 c5 4. c3 Nc6 5. Nf3 Qb6 6. Bd3 cxd4 7. O-O Bd7 8. Re1 Nge7 9. h4 a6 10. Nbd2 dxc3 11. bxc3 Ng6 12. Nb3 Qc7 13. Qe2 Na5 $146 ({RR} 13... f6 14. exf6 gxf6 15. Nfd4 e5 16. Nxc6 Bxc6 17. Bf5 Bd7 18. Qg4 O-O-O 19. Be3 Rg8 20. Bxd7+ Qxd7 21. Qh5 Ba3 22. Rab1 Qf7 23. Na5 Rd7 24. Rb3 Bd6 25. Reb1 b5 26. a4 b4 27. Nc6 a5 28. cxb4 {0-1 Liyanage,R (2370)-Santos Latasa,J (2631) Titled Tue 30th Jul Early 2024 (5)}) ({RR} 13... f6 14. exf6 gxf6 15. Rb1 Nge5 16. Bf4 Bd6 17. Nxe5 Nxe5 18. Bxe5 Bxe5 19. c4 dxc4 20. Bxc4 O-O 21. Rbc1 Kh8 22. Bxe6 Bc6 23. Bd5 Rae8 24. Qh5 Bh2+ 25. Kh1 Rxe1+ 26. Rxe1 Bxd5 27. Qxd5 Be5 28. Rc1 {½-½ Sliwicka,A (2272)-Efroimski,M (2451) 23rd ch-EUR Indiv w 2023 (9.12)}) 14. h5 Ne7 15. Ba3 Nc4 16. Bc5 b6 17. Bd4 Nc6 18. Nbd2 b5 19. a4 Nxd2 20. Nxd2 Nxd4 21. cxd4 bxa4 22. Bxa6 Bb4 23. Bb5 O-O 24. Rec1 Bxb5 25. Qxb5 Qa5 26. Qxa5 Rxa5 27. Rc2 Rfa8 28. Kf1 h6 29. Ke2 Bf8 30. Kd3 Rb5 31. Raa2 a3 32. Nf1 Rab8 33. Ne3 Rb1 34. Kd2 R1b3 35. Ke2 R8b4 36. Rd2 Rb2 37. Ra1 Rxd2+ 38. Kxd2 Rxd4+ 39. Kc3 Re4 40. Nc2 Rxe5 41. Nxa3 Bxa3 42. Rxa3 Rxh5 43. Ra8+ Kh7 44. Kd4 Rh2 0-1

[Event "Olympiad Women 2024"]
[Site "Budapest HUN"]
[Date "2024.09.13"]
[Round "3.21"]
[Board "1"]
[White "Rogule, Laura"]
[Black "Castillo Pena, Patricia Evarista"]
[Result "1-0"]
[WhiteElo "2248"]
[BlackElo "1928"]
[PlyCount "69"]
[EventDate "2024.09.11"]
[WhiteTeam "Latvia"]
[BlackTeam "Dominican Republic"]
[WhiteTeamCountry "LAT"]
[BlackTeamCountry "DOM"]

1. c4 c6 2. Nf3 d5 3. e3 Nf6 4. Nc3 e6 5. b3 Nbd7 6. Qc2 Bd6 7. Bb2 O-O 8. Rg1 e5 9. cxd5 cxd5 10. Nb5 Bb8 11. Rc1 e4 12. Nfd4 Bxh2 13. Rh1 Be5 14. f4 exf3 15. gxf3 a6 16. Nc7 Bg3+ 17. Kd1 Bxc7 18. Qxc7 Qxc7 19. Rxc7 Ne5 20. Rg1 Re8 21. f4 $146 ({RR} 21. Be2 Ng6 22. Bd3 Re7 23. Rc5 Be6 24. f4 Bg4+ 25. Be2 Bxe2+ 26. Nxe2 Nd7 27. Rc7 f6 28. f5 Nge5 29. Nf4 Rf7 30. Nxd5 Kf8 31. Ba3+ Ke8 32. Rxb7 Kd8 33. Bd6 a5 34. Nf4 Ra6 35. Ne6+ {1-0 Stork,O (2183)-Longson,A (2318) BCF-chT1d 1819 (4NCL) Demotion pool 2018 (9.73)}) 21... Neg4 22. Nf3 Rb8 23. Ng5 Bf5 24. Bxf6 gxf6 25. Nxf7 Kf8 26. Nd6 Be6 27. Nxe8 Rxe8 28. Rxh7 d4 29. Rh8+ Ke7 30. Rxe8+ Kxe8 31. Ke2 dxe3 32. dxe3 f5 33. Bg2 b6 34. e4 fxe4 35. Bh3 1-0

[Event "Olympiad Women 2024"]
[Site "Budapest HUN"]
[Date "2024.09.13"]
[Round "3.21"]
[Board "2"]
[White "Diaz Cesar, Wilsaida Pieranlly"]
[Black "Berzina, Ilze"]
[Result "0-1"]
[WhiteElo "1900"]
[BlackElo "2200"]
[PlyCount "64"]
[EventDate "2024.09.11"]
[WhiteTeam "Dominican Republic"]
[BlackTeam "Latvia"]
[WhiteTeamCountry "DOM"]
[BlackTeamCountry "LAT"]

1. Nf3 d5 2. c4 c6 3. e3 Nf6 4. b3 g6 5. Bb2 Bg7 6. Be2 O-O 7. O-O Nbd7 8. d4 Ne4 9. Nbd2 Ndf6 10. Rc1 Bf5 11. a3 Qd6 12. b4 Ng4 13. h3 Ngf6 14. Nb3 g5 $146 ({RR} 14... Bh6 15. Bd3 Nd7 16. Qc2 Qe6 17. Nc5 Nexc5 18. dxc5 Bxd3 19. Qxd3 Nf6 20. Qd4 Bg7 21. Qh4 h6 22. cxd5 Nxd5 23. Bxg7 Kxg7 24. Qd4+ Qf6 25. Rfd1 Rfd8 26. Qc4 a5 27. Qb3 axb4 28. axb4 e6 29. Rd4 {½-½ Ustianovich,N (2398)-Pirverdiyev,A (2290) Arvier Spring op 2018 (5)}) 15. Ne5 Nd7 16. Nd3 dxc4 17. Rxc4 Be6 18. Rc1 Bxb3 19. Qxb3 Nd2 20. Qc2 Nxf1 21. Rxf1 Nf6 22. Nc5 b6 23. Nd3 Nd5 24. Ne5 Rac8 25. Bg4 e6 26. Be2 c5 27. dxc5 Bxe5 28. cxd6 Rxc2 29. Bxe5 Rxe2 30. e4 Rxe4 31. Bg3 Nf4 32. Kh2 Rd4 0-1

[Event "Olympiad Women 2024"]
[Site "Budapest HUN"]
[Date "2024.09.13"]
[Round "3.21"]
[Board "3"]
[White "Ter-Avetisjana, Agnesa Stepania"]
[Black "Almanzar Vasquez, Jeniffer Maria"]
[Result "1-0"]
[WhiteElo "2134"]
[BlackElo "1876"]
[PlyCount "117"]
[EventDate "2024.09.11"]
[WhiteTeam "Latvia"]
[BlackTeam "Dominican Republic"]
[WhiteTeamCountry "LAT"]
[BlackTeamCountry "DOM"]

1. e4 d5 2. exd5 Qxd5 3. Nc3 Qa5 4. d4 Nf6 5. Nf3 Bf5 6. Bd2 c6 7. Bc4 e6 8. O-O Qc7 9. Ne2 Bd6 10. Ng3 Bg6 11. Nh4 Nbd7 12. Re1 O-O 13. Nxg6 hxg6 14. c3 Kh7 $146 ({RR} 14... Rad8 15. Qe2 Rfe8 16. Be3 Nb6 17. Bb3 Nbd5 18. Bg5 Bf4 19. Bxf4 Qxf4 20. Qe5 Nd7 21. Qxf4 Nxf4 22. Re4 Nd5 23. Rae1 N5f6 24. R4e2 c5 25. d5 exd5 26. Rxe8+ Rxe8 27. Rxe8+ Nxe8 28. Bxd5 Nd6 29. Ne4 {½-½ Kieran,R (2025)-Anguelov,I (1888) Smith & Williamson YM-B 8th 1998 (7)}) 15. Qf3 Rh8 16. Bb3 Kg8 17. h3 Nh5 18. Ne4 Bf4 19. Ng5 Bxg5 20. Bxg5 Qa5 21. Bd2 Nhf6 22. Re2 Qb6 23. Rae1 a5 24. Bf4 a4 25. Bc4 Qa5 26. a3 Nd5 27. Bd6 N7f6 28. Ba2 Rd8 29. Be5 b5 30. Bxf6 gxf6 31. Bxd5 Rxd5 32. Qxf6 Rf5 33. Qe7 Qb6 34. Rd1 Qb8 35. Re4 Rfh5 36. Rd3 Qa8 37. Rf3 R8h7 38. Rg4 Rf5 39. Rxf5 exf5 40. Rg3 Qf8 41. Qxf8+ Kxf8 42. Re3 Rh4 43. Re5 Re4 44. Rxe4 fxe4 45. Kf1 Ke7 46. Ke2 Kd6 47. Ke3 Kd5 48. h4 f5 49. f3 exf3 50. gxf3 Ke6 51. Kd2 Kd6 52. Kc2 c5 53. dxc5+ Kxc5 54. b3 Kd5 55. bxa4 bxa4 56. Kd3 Kc6 57. f4 Kd5 58. c4+ Kc5 59. Kc3 1-0

[Event "Olympiad Women 2024"]
[Site "Budapest HUN"]
[Date "2024.09.13"]
[Round "3.21"]
[Board "4"]
[White "Ramirez Luzon, Franchesca"]
[Black "Krumina, Linda"]
[Result "1-0"]
[WhiteElo "1820"]
[BlackElo "2091"]
[PlyCount "103"]
[EventDate "2024.09.11"]
[WhiteTeam "Dominican Republic"]
[BlackTeam "Latvia"]
[WhiteTeamCountry "DOM"]
[BlackTeamCountry "LAT"]

1. Nf3 d5 2. c4 c6 3. e3 Nf6 4. b3 Bg4 5. Bb2 e6 6. h3 Bh5 7. Be2 Nbd7 8. d3 h6 9. Nbd2 Be7 ({RR} 9... Bd6 10. Qc2 Qe7 11. O-O O-O 12. Rfc1 Rfe8 13. Nf1 Bg6 14. a3 a5 15. cxd5 exd5 16. N1d2 Bg3 17. Rf1 Bd6 18. Rfe1 Ne5 19. Nxe5 Bxe5 20. Bxe5 Qxe5 21. Rab1 Bf5 22. Rec1 Qd6 23. b4 axb4 24. axb4 {½-½ Granda Zuniga,J (2685)-Peralta,F (2572) Sitges Sunway op-A 2nd 2015 (8)}) ({RR} 9... Bd6 10. O-O O-O 11. Nh4 Bxe2 12. Qxe2 Re8 13. Nhf3 e5 14. cxd5 cxd5 15. d4 e4 16. Nh4 a6 17. Nf5 Bf8 18. Rac1 Qb6 19. Nb1 Qe6 20. Ng3 Rac8 21. Ba3 Bxa3 22. Nxa3 Nb8 23. Qd2 Rc6 24. Rxc6 {0-1 Pinero,C (2284)-Rodi,L (2208) VIII SESC Caioba Open 2024 (8.12)}) 10. O-O O-O 11. d4 $146 ({RR} 11. Rc1 a5 12. a3 Bg6 13. Re1 Bd6 14. d4 Qe7 15. Ne5 Bxa3 16. Nxg6 fxg6 17. Bxa3 Qxa3 18. c5 a4 19. Ra1 Qb4 20. bxa4 e5 21. Nf3 Ne4 22. Rb1 Qa5 23. Rxb7 Qd8 24. Rxd7 Qxd7 25. Nxe5 Qc7 {½-½ Kuech,H (2240)-Schmitzer,H (2265) Hessenliga 9899 1998}) 11... a5 12. Bd3 g5 13. g4 Bg6 14. Bxg6 fxg6 15. Qc2 Qe8 16. Rae1 Ne4 17. Nxe4 Rxf3 18. Ng3 Qf7 19. e4 Bd6 20. exd5 exd5 21. Kg2 Bxg3 22. fxg3 Rf8 23. Qe2 Rxf1 24. Rxf1 Qxf1+ 25. Qxf1 Rxf1 26. Kxf1 dxc4 27. bxc4 Nb6 28. c5 Nd5 29. a4 Kf7 30. Ke2 Ke6 31. Kd3 h5 32. gxh5 gxh5 33. g4 Nf4+ 34. Ke4 h4 35. Bc1 Nxh3 36. Be3 Kf6 37. Kf3 Ke6 38. Ke4 Kf6 39. Kf3 Kg6 40. Ke4 Kf6 41. Kf3 Ke7 42. Bd2 Kf6 43. Bxa5 Nf4 44. Bd2 h3 45. Bxf4 gxf4 46. a5 Ke6 47. g5 Kf5 48. d5 cxd5 49. c6 bxc6 50. a6 Kxg5 51. a7 h2 52. Kg2 1-0

[Event "Olympiad Women 2024"]
[Site "Budapest HUN"]
[Date "2024.09.13"]
[Round "3.22"]
[Board "1"]
[White "Movsesian, Julia"]
[Black "Antonova, Nadezhda"]
[Result "1-0"]
[WhiteElo "2198"]
[BlackElo "1967"]
[PlyCount "73"]
[EventDate "2024.09.11"]
[WhiteTeam "Czech Republic"]
[BlackTeam "Tajikistan"]
[WhiteTeamCountry "CZE"]
[BlackTeamCountry "TJK"]

1. e4 c6 2. d4 d5 3. e5 Bf5 4. g4 Be4 5. f3 Bg6 6. Ne2 e6 7. h4 h5 8. Ng3 ({RR} 8. Nf4 hxg4 9. Nxg6 fxg6 10. Qd3 Kd7 11. Qxg6 gxf3 12. Bh3 Qxh4+ 13. Kf1 Kc7 14. Qxe6 Na6 15. Qd7+ Kb6 16. a4 Nb4 17. Ra3 Nxc2 18. Rb3+ Bb4 19. Rxf3 Nxd4 20. Rf4 Qe1+ 21. Kg2 Qxe5 22. Qg4 Nf6 {0-1 Testova,N (1730)-Voit,D (2345) Vera Penzina Mem 2023 (1.2)}) 8... Be7 $146 ({RR} 8... Qb6 9. a4 a5 10. c3 c5 11. Na3 cxd4 12. cxd4 Bb4+ 13. Kf2 Nd7 14. Nb5 Rc8 15. Nxh5 Bxh5 16. gxh5 Nxe5 17. Rg1 Kf8 18. Bg5 Nd7 19. Rc1 Rc6 20. f4 Ngf6 21. Bg2 Rxh5 22. Bf3 Rh8 23. h5 {1-0 Shirov,A (2705)-Parligras,M (2650) EU-chT (Men) 18th 2011 (3.2)}) ({RR} 8... c5 9. Bb5+ Nc6 10. Be3 Qb6 11. c4 dxc4 12. Nc3 O-O-O 13. Bxc6 cxd4 14. Be4 dxe3 15. Qa4 hxg4 16. Bxg6 gxf3 17. Bc2 Qxb2 18. Qxc4+ Kb8 19. Rb1 Qxc2 20. Rxb7+ Kxb7 21. Qb5+ {½-½ Dukaczewski,P (2190)-Alpert,A (2300) IBCA-ol blind 10th 1996 (5.3)}) 9. g5 c5 10. c3 cxd4 11. cxd4 Nc6 12. Nc3 Qb6 13. Bb5 Bb4 14. Qa4 O-O-O 15. Bxc6 bxc6 16. a3 Bxc3+ 17. bxc3 Qb5 18. Qxa7 Qb7 19. Qc5 Qb5 20. Qxb5 cxb5 21. a4 bxa4 22. Rxa4 Ne7 23. Ba3 Nc6 24. Bd6 Kd7 25. Kd2 Ra8 26. Rha1 Rxa4 27. Rxa4 Rc8 28. Ne2 Bf5 29. Nf4 f6 30. gxf6 gxf6 31. Nxh5 fxe5 32. dxe5 Nd8 33. Ra6 Nb7 34. Nf6+ Kd8 35. Ra7 Rc7 36. Bxc7+ Kxc7 37. Ne8+ 1-0

[Event "Olympiad Women 2024"]
[Site "Budapest HUN"]
[Date "2024.09.13"]
[Round "3.22"]
[Board "2"]
[White "Saidova, Rukhshona"]
[Black "Kanakova, Natalie"]
[Result "0-1"]
[WhiteElo "1873"]
[BlackElo "2145"]
[PlyCount "50"]
[EventDate "2024.09.11"]
[WhiteTeam "Tajikistan"]
[BlackTeam "Czech Republic"]
[WhiteTeamCountry "TJK"]
[BlackTeamCountry "CZE"]

1. e4 c5 2. Nf3 e6 3. d4 cxd4 4. Nxd4 Nf6 5. Nc3 Nc6 6. Bf4 Bb4 7. Ndb5 e5 8. Bg5 O-O 9. Bc4 ({RR} 9. a3 Be7 10. Bxf6 Bxf6 11. Nd5 Bg5 12. Be2 d6 13. O-O a6 14. Nbc3 Nd4 15. Bg4 Be6 16. h3 Rc8 17. Qd3 Rc5 18. Rad1 Bxd5 19. Nxd5 Rxc2 20. b4 g6 21. Ne3 Rc7 22. Nd5 Rc2 23. Ne3 Rc7 {½-½ Lintchevski,D (2544)-Tregubov,P (2579) Titled Tuesday intern op 17th April blitz 2018 (2)}) ({RR} 9. a3 Be7 10. Be2 a6 11. Nd6 Nd4 12. Nxc8 Rxc8 13. O-O b5 14. Re1 h6 15. Bh4 Qc7 16. Bd3 d6 17. Bxf6 Bxf6 18. Nd5 Qd8 19. Qg4 Kh8 20. c3 Nb3 21. Rad1 Nc5 22. Bb1 Bg5 23. g3 Qe8 {1-0 Al Tarbosh,W (2278)-Zaksaite,S (2212) Titled Tue 30th Jan Early 2024 (3)}) 9... a6 10. Nd6 Nd4 11. Nxc8 $146 ({RR} 11. Nxf7 Rxf7 12. Bxf7+ Kxf7 13. O-O Bxc3 14. bxc3 Ne6 15. f4 exf4 16. Bxf4 Kg8 17. e5 Qb6+ 18. Kh1 Ne4 19. Qf3 Qc6 20. Be3 N4g5 21. Qf2 h6 22. Bxg5 Nxg5 23. Rad1 Qe6 24. Qc5 Nf7 25. Rf2 Qxe5 {1-0 Smetisko,M (1792)-Koljevic,N (1972) EU-ch U18 Girls 2019 (2)}) ({RR} 11. Nxf7 Rxf7 12. Bxf7+ Kxf7 13. f4 Bxc3+ 14. bxc3 Ne6 15. fxe5 Nxg5 16. exf6 g6 17. h4 Ne6 18. h5 g5 19. e5 Qa5 {½-½ Boehme,J (1675)-Forgach,A (1851) Korbach op 9th 2017 (4)}) 11... Rxc8 12. Bd5 Rxc3 13. bxc3 Bxc3+ 14. Kf1 Bxa1 15. Qxa1 h6 16. Bh4 Qb6 17. Bxf6 Qxf6 18. c3 Ne6 19. Bxb7 Nc5 20. Bd5 Nd3 21. Ke2 Nf4+ 22. Kf1 Qg6 23. Rg1 Nxd5 24. exd5 Qd3+ 25. Ke1 Rb8 0-1

[Event "Olympiad Women 2024"]
[Site "Budapest HUN"]
[Date "2024.09.13"]
[Round "3.22"]
[Board "3"]
[White "Korenova, Martina"]
[Black "Tolibova, Dilola"]
[Result "1-0"]
[WhiteElo "2104"]
[BlackElo "1831"]
[PlyCount "85"]
[EventDate "2024.09.11"]
[WhiteTeam "Czech Republic"]
[BlackTeam "Tajikistan"]
[WhiteTeamCountry "CZE"]
[BlackTeamCountry "TJK"]

1. d4 d5 2. c4 e6 3. g3 Nf6 4. Bg2 c5 5. Nf3 Nc6 6. O-O dxc4 7. Qa4 Bd7 8. Qxc4 Qb6 9. dxc5 Bxc5 10. Nc3 Na5 11. Qf4 Bc6 12. Na4 Bxa4 13. Qxa4+ Nc6 14. Ne5 Rc8 $146 ({RR} 14... Nd5 15. a3 Rc8 16. Bxd5 exd5 17. Qg4 Rc7 18. Qxg7 Rf8 19. Nxc6 Rxc6 20. Bf4 Rg6 21. Qe5+ Re6 22. Qxd5 Rxe2 23. Qf3 Rxb2 24. Rae1+ Be7 25. Rxe7+ Kxe7 26. Re1+ Kd8 27. Qd5+ Kc8 28. Rc1+ Qc6 29. Rxc6+ {1-0 Buhmann,R (2416)-Bax,F NED-ch U20 op 2000 (6)}) ({RR} 14... Nd5 15. Nxc6 bxc6 16. a3 O-O 17. e3 Rfd8 18. Qc2 a5 19. Bd2 Bd6 20. e4 Ne7 21. Be3 Qc7 22. f4 e5 23. f5 c5 24. f6 Nc6 25. fxg7 Nd4 26. Qd1 Rab8 27. Rf2 c4 28. Qh5 Ne6 29. Raf1 {1-0 Donghvani,N (2070)-Gasparyan,M (1909) 40th World Junior Girls 2024 (10.22)}) ({RR} 14... Nd5 15. Nxc6 bxc6 16. Qg4 O-O 17. Rb1 f5 18. Qc4 Rad8 19. Bg5 Rc8 20. b4 Bd6 21. e4 fxe4 22. Bxe4 Qb5 23. Qc2 Nxb4 24. Qd2 Qe5 25. Rfe1 Rxf2 26. Kxf2 Rf8+ 27. Kg2 Qc5 28. Be3 Qe5 29. Bf4 {1-0 Nikola,R (2053)-Schmidt,V (1953) Suedwestfalen Verbandsklasse 0001 2000 (9)}) 15. Nd3 O-O 16. Nxc5 Qxc5 17. Be3 Qe5 18. b4 a6 19. Rac1 Ne4 20. b5 Nc3 21. Rxc3 Qxc3 22. bxc6 bxc6 23. Rc1 Qb2 24. Qc4 a5 25. Be4 Rfd8 26. Bd3 Rd7 27. Qe4 g6 28. Rxc6 Rxc6 29. Qxc6 Qb7 30. Qc5 a4 31. Qe5 Qb4 32. h4 a3 33. h5 Qb2 34. Qc5 Rd5 35. Qc8+ Kg7 36. h6+ Kf6 37. g4 Qxa2 38. Qc3+ Ke7 39. Bc5+ Rxc5 40. Qxc5+ Kd7 41. Bb5+ Kd8 42. Qd6+ Kc8 43. Ba6# 1-0